000 00356nam a22001337a 4500
999 _c522900
_d522900
008 230612b ||||| |||| 00| 0 eng d
100 _aMomin, Sajeda
_941786
245 _aA tale of criminal destruction
260 _aSocial Scientist
300 _a51(1-2), Jan-Feb, 2023: p.39-46
773 _aSocial Scientist
906 _aCRIMES
942 _cAR